| 000 | 01383nam a2200265 i 4500 | ||
|---|---|---|---|
| 003 | DO-SdBNP | ||
| 005 | 20250611153353.0 | ||
| 007 | ta | ||
| 008 | 250611b1996 dr ||||| |||| 00| 0 spa d | ||
| 040 |
_aDO-SdBNP _bspa _cBNPHU _erda |
||
| 041 | _aspa | ||
| 082 | 4 |
_axxx _bxxx _222 |
|
| 110 | 1 |
_aRepública Dominicana _9447 |
|
| 240 | _aleyes, etc. | ||
| 245 | 1 | 0 |
_aLey No. 3664 sobre rifas y casas de juegos de fecha 4 de noviembre de 1953 G. O. No. 7622 y sus modificaciones : _bLey No. 351 - Ley No. 3389 - Ley No. 49 / |
| 264 | 1 |
_aSanto Domingo : _b[editor no identificado], _c1996. |
|
| 300 |
_a16 páginas ; _c21 cm. |
||
| 336 |
_atexto _btxt _2rdacontent |
||
| 337 |
_asin mediación _bn _2rdamedia |
||
| 338 |
_avolumen _bnc _2rdacarrier |
||
| 505 |
_tLey No. 3664 sobre rifas y casas de juegos de fecha 4 de noviembre de 1953 G. O. No. 7622 y sus modificaciones -- _tLey No. 351 que autoriza la expedición de licencia para el establecimiento de casas de juegos de azar de fecha 7 de marzo de 1967 G. O. No. 9025 y sus modificaciones -- _tLey No. 3389 que reglamenta el juego de billar del 1ro. de octubre de 1952 y sus modificaciones -- _tLey No. 49 que prohíbe la instalación, operación y funcionamiento de las máquinas traganíqueles (slot machines) y sus similares y sus modificaciones. / |
||
| 590 | _aInventariado, 2025/ YL | ||
| 910 | _aYLockward | ||
| 942 |
_2ddc _cLF2 |
||
| 999 |
_c59241 _d59241 |
||